Normal view
MARC view
Entry Topical Term
001 - CONTROL NUMBER
- control field: 264713
003 - CONTROL NUMBER IDENTIFIER
- control field: OSt
005 - DATE AND TIME OF LATEST TRANSACTION
- control field: 20260527124004.0
008 - FIXED-LENGTH DATA ELEMENTS
- fixed length control field: 260527|| aca||aabn | a|a d
040 ## - CATALOGING SOURCE
- Original cataloging agency: OSt
- Transcribing agency: OSt
150 ## - HEADING--TOPICAL TERM
- Topical term or geographic name entry element: siddhi
670 ## - SOURCE DATA FOUND
- Source citation: Work cat.: (OSt)100066: NAGARAJARAV (H V). ನಾಗರಾಜರಾವ್ (ಎಚ್ ವಿ) 264712, Pandita kshamarav: jivana, sadhane siddhi., 1991